000 00605cam a2200205 4500500
005 20260329004827.0
041 _afre
042 _adc
100 1 0 _aPortevin, Catherine
_eauthor
245 0 0 _aFaire la morale aux robots
260 _c2021.
500 _a65
690 _aAlgorithme
690 _aBiais cognitif
690 _aIntelligence Artificielle
690 _aMachine
690 _aRobot
786 0 _nPhilosophie magazine | 149 | 5 | 2021-05-01 | p. 87-87 | 1951-1787
856 4 1 _uhttps://shs.cairn.info/magazine-philosophie-magazine-2021-5-page-87?lang=fr&redirect-ssocas=7080
999 _c1837686
_d1837686